Sports Quiz

Random Sports Quiz
Score 0/11 Timer 10:00
0 Plays Today
Person % Correct
Gareth Ainsworth
73.1%
Shaun Derry
63.8%
Ian Holloway
61.7%
Joey Barton
58%
Neil Warnock
57.9%
Mark Hughes
57%
Gary Waddock
25.1%
Jimmy Floyd Hasselbaink
24.7%
Marcus Bignot
20%
Martin Allen
16.2%
Ian Evatt
2%
Remove Ads.
Support Sporcle.
Get the best of Sporcle when you Go Orange. This ad-free experience offers more features, more stats, and more fun while also helping to support Sporcle. Thank you for becoming a member.

You're not logged in!

Compare scores with friends on all Sporcle quizzes.
OR
Log In

Show Comments

Extras

Top Quizzes Today


Score Distribution

Your Account Isn't Verified!

In order to create a playlist on Sporcle, you need to verify the email address you used during registration. Go to your Sporcle Settings to finish the process.

Report this User

Report this user for behavior that violates our Community Guidelines.

Details: